00561nam a2200193 a 4500001001300000003000900013005001700022008004100039020002500080082001800105100002100123245006900144260005200213300001000265500003500275505001000310650002600320700002100346nice12345678IN_TiNIC20260116011924.0050524s1978 bera grp 000 0 eng  a0520031 c17.7500a297.0959bPEA aPeacock, James L aMuslim Puritansb Reformist Psychology in Southeast Asian Islam. aBerkeleybUniversity of California Press c1978 a276p. aincludes index and biblioraphy2 aIndex aIslam-Asia-South East1 aPeacock, James L